000 00558nam a22001817a 4500
003 CEME
005 20210628205051.0
008 210121b xxu||||| |||| 00| 0 eng d
020 _a0-521-70678-5
040 _cceme
082 _a428.24 GRE
100 _aGrellet, Francoise
_9314
245 _aDeveloping reading skills, a practical guide to reading comprehension exercises
260 _aNEW YORK
_bCAMBRIDGE
_c2007
300 _a252 P
650 _aENGLISH LANGUAGE- TEXT BOOKS FOR FOREIGNEERS.READING COMPREHENSION EXERCISES
_973717
942 _cBK
_2ddc
999 _c579380
_d579380